000 01235nam a22003617a 4500
001 BR8204105
003 BR-BrBNA
005 20230928091408.0
007 ta
008 230509b bl.||||| |||| 00| 0 por d
040 _aBR-BrBNA
_bpor
_cBiblioteca Nacional de Agricultura
041 _a(Por)
072 _aF00
_b1740
_b3575
_b/G514
090 _ 1740 BR8204105
100 1 _aD'Oliveira, L.O.B.
110 1 _aUniversidade Federal do Ceara, Fortaleza (Brasil). Centro de Ciencias Agrarias. Depto. de Fitotecnia
_0Tese (Mestre em Agronomia)
245 1 _aEfeito da vernalizacao de bulbos na producao de sementes de cebola (Allium cepa L.), na regiao do submedio Sao Francisco [Pernambuco, Brasil]
260 3 _aFortaleza, CE (Brasil):
_c1982.
300 _a58 p.
500 _aSummaries (Eng, Por); 18 tables; 45 ref. (*) Documento disponível na(o) Universidade Federal do Ceara, Fortaleza (Brazil)
650 _aCEBOLA
650 _aBULBO
650 _aCOMPETICAO DE VARIEDADE
650 _aIRRIGACAO
650 _aPLANTIO
650 _aSEMENTE
650 _aFLORACAO
650 _aINDUCAO
650 _aGERMINACAO
650 _aSUBMEDIO SAO FRANCISCO
909 _a202309
_bLucia
_c55
_dLucia Elande
942 _cBK
999 _c33683
_d33683